| 000 | 00335nam a22001457a 4500 | ||
|---|---|---|---|
| 003 | OSt | ||
| 005 | 20240731115122.0 | ||
| 008 | 240731s2007 ag ||||| |||| 00| 0 spa d | ||
| 020 | _a9789875802254 | ||
| 040 | _cbesoc | ||
| 100 |
_aHomero/ _eautor |
||
| 245 |
_aOdisea _cHomero |
||
| 260 |
_aBuenos Aires: _bPLaneta _c2007 |
||
| 942 |
_2udc _cOG _n0 |
||
| 999 |
_c276 _d276 |
||